00811 2200217 4500001002100000005001500021035002000036008004100056245005000097100001500147250000600162260003200168300002900200020002200229084001400251520028200265082000800547650001400555990001200569990001200581INLIS00000000000002120240430025555 a0010-0324000021240430 0 ind 1 aBuku Guru Seni Budaya Kelas XII /cZakaria S. aZakaria S. a1 aJakarta :bKEMDIKBUD,c2018 a426 hlm ;c17 cm x 25 cm a978-602-427-149-7 a700 ZAK s aBuku ini menjabarkan usaha minimal yang harus dilakukan siswa untuk mencapai kompetensi yang diharapkan. Sesuai dengan pendekatan yang digunakan dalam Kurikulum 2013, siswa diajak menjadi berani untuk mencari sumber belajar lain yang tersedia dan terbentang luas di sekitarnya. a700 4aNon Fiksi a0738586 a0738587